000
00197 a2200097 4500
001
10534
100
_a
Bates, L F
245
_a
Modern magnetism.
260
_a
_b
Cambridge
_c
090
_c
8148
_d
8148
942
_a
NUST-CAE
_c
M
_c
34876
999
_c
245607
_d
245607